Statistiche per Classifica Pallone d'Oro 2007

Clicka qui per fare il quiz!

Statistiche generali

  • Questo quiz è stato fatto 33 volte
  • Il punteggio medio è 22 su 35

Statistiche sulle risposte

PuntiNazioneClubCalciatore% Corretto
277PortogalloManchester UnitedCristiano Ronaldo
100%
255ArgentinaBarcellonaLionel Messi
100%
444BrasileMilanKakà
97%
31SveziaInterZlatan Ibrahimović
97%
108Costa d'AvorioChelseaDidier Drogba
94%
20ItaliaRomaFrancesco Totti
91%
7ItaliaMilanGennaro Gattuso
84%
18BrasileBarcellonaRonaldinho
84%
41ItaliaMilanAndrea Pirlo
81%
12ItaliaMilanFilippo Inzaghi
78%
8ItaliaMilanPaolo Maldini
78%
17InghilterraLiverpoolSteven Gerrard
78%
5ItaliaReal MadridFabio Cannavaro
72%
7ItaliaJuventusGianluigi Buffon
69%
1GallesManchester UnitedRyan Giggs
69%
1CamerunBarcellonaSamel Eto' o
69%
27SpagnaArsenalCesc Fàbregas
66%
7FranciaArsenalThierry Henry
66%
7Repubblica CecaChelseaPetr Čech
63%
39Paesi BassiReal MadridRuud van Nistelrooy
63%
5GhanaChelseaMichael Essien
59%
10FranciaOlympique Marsiglia / Bayern MonacoFranck Ribéry
56%
3SpagnaReal MadridIker Casillas
56%
7Paesi BassiMilanClarence Seedorf
53%
24BrasileReal MadridRobinho
47%
1Paesi BassiArsenalRobin van Persie
47%
4InghilterraManchester UnitedWayne Rooney
47%
1ArgentinaWest Ham Utd / Manchester UnitedCarlso Tévez
44%
1BulgariaTottenhamDimităr Berbatov
41%
14BrasileSivigliaDaniel Alves
38%
15ArgentinaVillareal / Boca JuniorsJuan Román Riquelme
38%
19MaliSivigliaFrédéric Kanouté
16%
1MessicoClub AméricaGuillermo Ochoa
13%
3BrasileSan PaoloRogério Ceni
9%
2IraqAl-GharafaYounis Mahmoud
0%

Distribuzione punteggi

Percentile per numero di risposta

Percentuale di utenti per punteggio

I tuoi punteggi nel tempo

Non hai fatto questo quiz